30 biggest European cities by letter (with a map) -B - Statistics

General Stats
  • This quiz has been taken 1,632 times
    1,618 since last reset
  • The average score is 22 of 30
Answers on the Map
Answers color-coded by a green-red scale on the quiz's map according to % correct below.
 
Answer Stats
City Population % Correct
Barcelona 1 608 746
99%
Berlin 3 469 849
99%
Brussels 1 197 732
98%
Birmingham 1 123 000
97%
Bucharest 1 877 155
96%
Budapest 1 757 618
96%
Belgrade 1 369 000
95%
Belfast 333 000
94%
Bratislava 421 801
93%
Bilbao 345 122
89%
Bergen 277 391
88%
Bordeaux 246 586
88%
Bristol 442 500
88%
Bremen 557 464
86%
Bari 325 183
85%
Bologna 387 423
85%
Brno 377 973
77%
Brighton and Hove 285 300
73%
Bonn 318 809
69%
Bielefeld 333 090
60%
Brest 343 985
56%
Banja Luka 222 463
52%
Bradford 293 717
52%
Bochum 364 742
50%
Białystok 295 624
44%
Brunswick 252 768
41%
Bydgoszcz 358 614
41%
Brașov 290 743
40%
Belgorod 391 135
39%
Bryansk 406 553
38%
No matching quizzes found
Score Distribution
Percent of People with Each Score
Percentile by Number Answered
Your Score History
You have not taken this quiz since the last reset